The Full 2024 NFL Draft - Statistics

General Stats
  • This quiz has been taken 316 times
  • The average score is 87 of 257
Answer Stats
Pick Player Team Position College % Correct
1 Caleb Williams Chicago Bears QB USC
98%
3 Drake Maye New England Patriots QB North Carolina
98%
2 Jayden Daniels Washington Commanders QB LSU
98%
12 Bo Nix Denver Broncos QB Oregon
97%
10 J.J. McCarthy Minnesota Vikings QB Michigan
97%
6 Malik Nabers New York Giants WR LSU
97%
4 Marvin Harrison Jr. Arizona Cardinals WR Ohio State
97%
8 Michael Penix Jr. Atlanta Falcons QB Washington
97%
13 Brock Bowers Las Vegas Raiders TE Georgia
96%
5 Joe Alt Los Angeles Chargers OT Notre Dame
95%
9 Rome Odunze Chicago Bears WR Washington
93%
111 Evan Williams Green Bay Packers S Oregon
91%
242 James Williams Tennessee Titans S Miami
91%
247 Marcus Harris Houston Texans DT Auburn
91%
28 Xavier Worthy Kansas City Chiefs WR Texas
89%
23 Brian Thomas Jr. Jacksonville Jaguars WR LSU
88%
33 Keon Coleman Buffalo Bills WR Florida State
87%
31 Ricky Pearsall San Francisco 49ers WR Florida
87%
19 Jared Verse Los Angeles Rams DE Florida State
86%
32 Xavier Legette Carolina Panthers WR South Carolina
86%
34 Ladd McConkey Los Angeles Chargers WR Georgia
85%
40 Cooper DeJean Philadelphia Eagles CB Iowa
84%
236 Myles Cole Jacksonville Jaguars DE Texas Tech
84%
22 Quinyon Mitchell Philadelphia Eagles CB Toledo
84%
52 Adonai Mitchell Indianapolis Colts WR Texas
83%
67 Brandon Coleman Washington Commanders OT TCU
83%
233 Nathan Thomas Dallas Cowboys OT Louisiana
82%
138 Xavier Thomas Arizona Cardinals DE Clemson
82%
21 Chop Robinson Miami Dolphins DE Penn State
79%
7 JC Latham Tennessee Titans OT Alabama
79%
24 Terrion Arnold Detroit Lions CB Alabama
79%
16 Byron Murphy II Seattle Seahawk DT Texas
77%
27 Darius Robinson Arizona Cardinals DE Missouri
77%
15 Laiatu Latu Indianapolis Colts DE UCLA
76%
103 Layden Robinson New England Patriots OG Texas A&M
76%
167 Keilan Robinson Jacksonville Jaguars RB Texas
75%
30 Nate Wiggins Baltimore Ravens CB Clemson
75%
17 Dallas Turner Minnesota Vikings DE Alabama
73%
44 Jackson Powers-Johnson Las Vegas Raiders OG Oregon
73%
48 Maason Smith Jacksonville Jaguars DT LSU
71%
37 Ja'Lynn Polk New England Patriots WR Washington
70%
89 Tykee Smith Tampa Bay Buccaneers S Georgia
70%
152 Ainias Smith Philadelphia Eagles WR Texas A&M
69%
18 Amarius Mims Cincinnati Bengals OT Georgia
69%
11 Olu Fashanu New York Jets OT Penn State
69%
41 Kool-Aid McKinstry New Orleans Saints CB Alabama
68%
214 Cedric Johnson Cincinnati Bengals DE Ole Miss
62%
253 Cornelius Johnson Los Angeles Chargers WR Michigan
62%
14 Taliese Fuaga New Orleans Saints OT Oregon State
62%
107 Theo Johnson New York Giants TE Penn State
62%
39 Braden Fiske Los Angeles Rams DT Florida State
60%
46 Jonathon Brooks Carolina Panthers RB Texas
60%
29 Tyler Guyton Dallas Cowboys OT Oklahoma
59%
26 Graham Barton Tampa Bay Buccaneers C Duke
57%
83 Blake Corum Los Angeles Rams RB Michigan
55%
84 Roman Wilson Pittsburgh Steelers WR Michigan
55%
185 Johnny Wilson Philadelphia Eagles WR Florida State
54%
25 Jordan Morgan Green Bay Packers OT Arizona
54%
98 Payton Wilson Pittsburgh Steelers LB NC State
54%
45 Edgerrin Cooper Green Bay Packers LB Texas A&M
53%
20 Troy Fautanu Pittsburgh Steelers OT Washington
52%
36 Johnny Newton Washington Commanders DT Illinois
50%
42 Kamari Lassiter Houston Texans CB Georgia
50%
66 Trey Benson Arizona Cardinals RB Florida State
50%
47 Tyler Nubin New York Giants S Minnesota
50%
115 Erick All Cincinnati Bengals TE Iowa
48%
149 Josh Newton Cincinnati Bengals CB TCU
48%
96 Jarrian Jones Jacksonville Jaguars CB Florida State
46%
101 Ja'Tavion Sanders Carolina Panthers TE Texas
46%
43 Max Melton Arizona Cardinals CB Rutgers
46%
134 Braelon Allen New York Jets RB Wisconsin
45%
125 Bucky Irving Tampa Bay Buccaneers RB Oregon
45%
162 Christian Jones Arizona Cardinals OT Texas
45%
90 Elijah Jones Arizona Cardinals CB Boston College
45%
92 Jalen McMillan Tampa Bay Buccaneers WR Washington
45%
80 Jermaine Burton Cincinnati Bengals WR Alabama
45%
100 Luke McCaffrey Washington Commanders WR Rice
45%
38 T'Vondre Sweat Tennessee Titans DT Texas
45%
53 Ben Sinnott Washington Commanders TE Kansas State
44%
65 Malachi Corley New York Jets WR Western Kentucky
44%
150 Spencer Rattler New Orleans Saints QB South Carolina
44%
154 Brennan Jackson Los Angeles Rams DE Washington State
43%
173 Isaiah Davis New York Jets RB South Dakota State
43%
226 Jaden Davis Arizona Cardinals CB Miami
43%
182 Jha'Quan Jackson Tennessee Titans WR Tulane
43%
108 Khryee Jackson Minnesota Vikings CB Oregon
43%
97 McKinnley Jackson Cincinnati Bengals DT Texas A&M
43%
50 Mike Sainristil Washington Commanders CB Michigan
43%
128 Ray Davis Buffalo Bills RB Kentucky
43%
102 Troy Franklin Denver Broncos WR Oregon
43%
196 Tyler Davis Los Angeles Rams DT Clemson
43%
51 Zach Frazier Pittsburgh Steelers C West Virginia
42%
166 Tyrone Tracy Jr. New York Giants RB Purdue
41%
61 Ennis Rakestraw Jr. Detroit Lions CB Missouri
40%
35 Ruke Orhorhoro Atlanta Falcons DT Clemson
40%
113 Devontez Walker Baltimore Ravens WR North Carolina
39%
122 Tory Taylor Chicago Bears P Iowa
39%
223 Trey Taylor Las Vegas Raiders S Air Force
39%
129 Isaac Guerendo San Francisco 49ers RB Louisville
38%
193 Joe Milton New England Patriots QB Tennessee
38%
60 Cole Bishop Buffalo Bills S Utah
37%
127 Will Shipley Philadelphia Eagles RB Clemson
37%
171 Jordan Travis New York Jets QB Florida State
36%
54 Michael Hall Jr. Cleveland Browns DT Ohio State
36%
147 Audric Estime Denver Broncos RB Notre Dame
35%
64 Renardo Green San Francisco 49ers CB Florida State
35%
120 Jaylen Wright Miami Dolphins RB Tennessee
34%
110 Javon Baker New England Patriots WR UCF
33%
58 Javon Bullard Green Bay Packers S Georgia
33%
184 Malik Washington Miami Dolphins WR Virginia
33%
55 Patrick Paul Miami Dolphins OT Houston
33%
241 Tahj Washington Miami Dolphins WR USC
33%
187 Casey Washington Atlanta Falcons WR Illinois
32%
49 Kris Jenkins Cincinnati Bengals DT Michigan
32%
73 Cooper Beebe Dallas Cowboys OG Kansas State
31%
88 MarShawn Lloyd Green Bay Packers RB USC
31%
70 Andru Phillips New York Giants CB Kentucky
30%
62 Roger Rosengarten Baltimore Ravens OT Washington
30%
123 Cade Stover Houston Texans TE Ohio State
29%
63 Kingsley Suamataia Kansas City Chiefs OT BYU
29%
203 Will Reichard Minnesota Vikings K Alabama
28%
225 Brenden Rice Los Angeles Chargers WR USC
27%
99 Kamren Kinchens Los Angeles Rams S Miami
27%
68 Caedan Wallace New England Patriots OT Penn State
26%
212 Cam Little Jacksonville Jaguars K Arkansas
26%
94 Jalyx Hunt Philadelphia Eagles DE Houston Christian
26%
78 Calen Bullock Houston Texans S USC
25%
69 Junior Colson Los Angeles Chargers LB Michigan
25%
255 Kalen King Green Bay Packers CB Penn State
25%
181 Kimani Vidal Los Angeles Chargers RB Troy
25%
56 Marshawn Kneeland Dallas Cowboys DE Western Michigan
25%
72 Trevin Wallace Carolina Panthers LB Kentucky
25%
209 Joshua Karty Los Angeles Rams K Stanford
24%
82 Tip Reiman Arizona Cardinals TE Illinois
24%
121 A.J. Barner Seattle Seahawks TE Michigan
23%
235 Devaughn Vele Denver Broncos WR Utah
23%
245 Michael Pratt Green Bay Packers QB Tulane
23%
59 Blake Fisher Houston Texans OT Notre Dame
22%
95 DeWayne Carter Buffalo Bills DT Duke
22%
156 Jamari Thrash Cleveland Browns WR Louisville
22%
119 Mason McCormick Pittsburgh Steelers OG South Dakota State
22%
155 Jeremiah Trotter Jr. Philadelphia Eagles LB Clemson
21%
85 Zak Zinter Cleveland Browns OG Michigan
21%
144 Austin Booker Chicago Bears DE Kansas
20%
170 Bub Means New Orleans Saints WR Pittsburgh
20%
86 Dominick Puni San Francisco 49ers OG Kansas
20%
231 Jaheim Bell New England Patriots TE Florida State
20%
140 Cam Hart Los Angeles Chargers CB Notre Dame
19%
106 Cedric Gray Tennessee Titans LB North Carolina
19%
57 Chris Braswell Tampa Bay Buccaneers DE Alabama
19%
218 Devin Leary Baltimore Ravens QB Kentucky
19%
76 Jonah Elliss Denver Broncos DE Utah
19%
130 T.J. Tampa Baltimore Ravens CB Iowa State
19%
74 Bralen Trice Atlanta Falcons DE Washington
18%
81 Christian Haynes Seattle Seahawks OG UConn
18%
132 Sione Vaki Detroit Lions RB Utah
18%
137 Tarheeb Still Los Angeles Chargers CB Maryland
18%
208 Dylan Laube Las Vegas Raiders RB New Hampshire
17%
135 Jacob Cowing San Francisco 49ers WR Arizona
17%
75 Kiran Amegadjie Chicago Bears OT Yale
17%
165 Rasheed Ali Baltimore Ravens RB Marshall
17%
71 Isaiah Adams Arizona Cardinals OG Illinois
16%
131 Jared Wiley Kansas City Chiefs TE TCU
16%
124 Malik Mustapha San Francisco 49ers S Wake Forest
16%
148 Tommy Eichenberg Las Vegas Raiders LB Ohio State
16%
93 Adisa Isaac Baltimore Ravens DE Penn State
15%
77 Delmar Glaze Las Vegas Raiders OT Maryland
15%
116 Jordan Jefferson Jacksonville Jaguars DT LSU
15%
213 Jordan Whittington Los Angeles Rams WR Texas
15%
141 Sedrick Van Pran-Granger Buffalo Bills C Georgia
15%
192 D.J. James Seattle Seahawks CB Auburn
14%
205 Jawhar Jordan Houston Texans RB Louisville
14%
87 Marist Liufau Dallas Cowboys LB Notre Dame
14%
79 Matt Goncalves Indianapolis Colts OT Pittsburgh
14%
133 Jaden Hicks Kansas City Chiefs S Washington State
13%
257 Jaylen Key New York Jets S Alabama
13%
176 Qwan'tez Stiggers New York Jets CB CFL's Toronto Argonauts
13%
117 Tanor Bortolini Indianapolis Colts C Wisconsin
13%
142 Anthony Gould Indianapolis Colts WR Oregon State
12%
112 Decamerion Richardson Las Vegas Raiders CB Mississippi State
12%
145 Kris Abrams-Draine Denver Broncos CB Missouri
12%
118 Tyrice Knight Seattle Seahawks LB UTEP
12%
210 Christian Mahogany Detroit Lions OG Boston College
11%
188 Jamal Hill Houston Texans LB Oregon
11%
91 Ty'Ron Hopper Green Bay Packers LB Missouri
11%
217 Beaux Limmer Los Angeles Rams C Arkansas
10%
104 Dadrion Taylor-Demerson Arizona Cardinals S Texas Tech
10%
178 Logan Lee Pittsburgh Steelers DT Iowa
10%
237 Matt Lee Cincinnati Bengals C Miami
10%
158 Mohamed Kamara Miami Dolphins DE Colorado State
10%
216 Ryan Flournoy Dallas Cowboys WR Southeast Missouri State
10%
195 Ryan Watts Pittsburgh Steelers CB Texas
10%
246 Devin Culp Tampa Bay Buccaneers TE Washington
9%
126 Giovanni Manu Detroit Lions OT British Columbia
9%
186 Jase McClellan Atlanta Falcons RB Alabama
9%
114 Javon Foster Jacksonville Jaguars OT Missouri
9%
109 Brandon Dorlus Atlanta Falcons DT Oregon
8%
168 Javon Solomon Buffalo Bills DE Troy
8%
230 Michael Jurgens Minnesota Vikings C Wake Forest
8%
174 Caelen Carson Dallas Cowboys CB Wake Forest
7%
161 Dominique Hampton Washington Commanders S Washington
7%
146 Jarvis Brownlee Jr. Tennessee Titans CB Louisville
7%
164 Jaylin Simpson Indianapolis Colts S Auburn
7%
199 Khristian Boyd New Orleans Saints DT Northern Iowa
7%
169 Kitan Oladapo Green Bay Packers S Oregon State
7%
206 Nathaniel Watson Cleveland Browns LB Mississippi State
7%
191 Tejhaun Palmer Arizona Cardinals WR UAB
7%
221 Travis Clayton Buffalo Bills OT Hampshire RFU's Basingstoke
7%
157 Chau Smith-Wade Carolina Panthers CB Washington State
6%
183 Darius Muasau New York Giants LB UCLA
6%
160 Edefuan Ulofoshio Buffalo Bills LB Washington
6%
159 Hunter Nourzad Kansas City Chiefs C Penn State
6%
175 Jaylan Ford New Orleans Saints LB Texas
6%
143 JD Bertrand Atlanta Falcons LB Notre Dame
6%
232 Levi Drake Rodriguez Minnesota Vikings DT Texas A&M-Commerce
6%
180 Marcellas Dial New England Patriots CB South Carolina
6%
136 Nehemiah Pritchett Seattle Seahawks CB Auburn
6%
172 Trevor Keegan Philadelphia Eagles OG Michigan
6%
219 Daequan Hardy Buffalo Bills CB Penn State
5%
153 Deantre Prince Jacksonville Jaguars CB Ole Miss
5%
163 Jacob Monk Green Bay Packers C Duke
5%
222 Javontae Jean-Baptiste Washington Commanders DE Notre Dame
5%
252 Jaylen Harrell Tennessee Titans DE Michigan
5%
139 Jordan Magee Washington Commanders LB Temple
5%
105 Justin Eboigbe Los Angeles Chargers DT Alabama
5%
189 Mekhi Wingo Detroit Lions DT LSU
5%
194 Tanner McLachlan Cincinnati Bengals TE Arizona
5%
204 Tylan Grable Buffalo Bills OT UCF
5%
190 Dylan McMahon Philadelphia Eagles C NC State
4%
244 Justin Rogers Dallas Cowboys DT Auburn
4%
240 Michael Barrett Carolina Panthers LB Michigan
4%
198 Patrick McMorris Miami Dolphins S California
4%
251 Tatum Bethune San Francisco 49ers LB Florida State
4%
202 Travis Glover Green Bay Packers OT Georgia State
4%
197 Zion Logue Atlanta Falcons DT Georgia
4%
248 C.J. Hanson Kansas City Chiefs OG Holy Cross
3%
151 Jaylon Carlies Indianapolis Colts S Missouri
3%
211 Kamal Hadden Kansas City Chiefs CB Tennessee
3%
249 LaDarius Henderson Houston Texans OG Michigan
3%
207 Michael Jerrell Seattle Seahawks OT Findlay
3%
227 Myles Harden Cleveland Browns CB South Dakota
3%
256 Nick Gargiulo Denver Broncos C South Carolina
3%
228 Nick Samac Baltimore Ravens C Michigan State
3%
250 Sanoussi Kane Baltimore Ravens S Purdue
3%
179 Sataoa Laumea Seattle Seahawks OG Utah
3%
177 Walter Rouse Minnesota Vikings OT Oklahoma
3%
224 Daijahn Anthony Cincinnati Bengals S Ole Miss
2%
220 Elijah Klein Tampa Bay Buccaneers OG UTEP
2%
200 Jaden Crumedy Carolina Panthers DT Mississippi State
2%
215 Jarrett Kingston San Francisco 49ers OG USC
2%
234 Jonah Laulu Indianpolis Colts DT Oklahoma
2%
239 Josiah Ezirim New Orleans Saints OT Eastern Kentucky
2%
243 Jowon Briggs Cleveland Browns DT Cincinnati
2%
254 KT Leveston Los Angeles Rams OG Kansas State
2%
201 Micah Abraham Indianapolis Colts CB Marshall
2%
238 Solomon Byrd Houston Texans DE USC
2%
229 M.J. Devonshire Las Vegas Raiders CB Pittsburgh
1%
No matching quizzes found
Score Distribution
Percent of People with Each Score
Percentile by Number Answered
Your Score History
You have not taken this quiz